000 00384nam a22001577a 4500
003 OSt
005 20211029081551.0
008 211029b |||||||| |||| 00| 0 eng d
020 _a8139501269
040 _ahu
_cddc
082 _a371.3/pra
245 _aCREATIVE LEARNING
260 _aNEW DELHI
_bVIVA BOOKS PRIVATE LIMITED
_c2007
300 _aXI,390,20CM
942 _2ddc
_cBOOKS
_n0
999 _c15702
_d15702